Θράκη

Αποθηκεύτηκε σε:
Λεπτομέρειες βιβλιογραφικής εγγραφής
Άλλοι συγγραφείς: Καραθανάσης, Αθανάσιος Ε. (Επιμελητής έκδοσης)
Μορφή: Βιβλίο
Γλώσσα:Greek
Δημοσίευση: Θεσσαλονίκη : Μαίανδρος, 1993
Θέματα:
Ετικέτες: Προσθήκη ετικέτας
Δεν υπάρχουν, Καταχωρήστε ετικέτα πρώτοι!

MARC

LEADER 00000cam a2200000 i 4500
001 1/99381
008 950330s1993 gre d
035 |l 10011281 
040 |a GR-MY-UA  |b gre  |e aacr 
041 0 |a gre 
082 0 |a 938.95 
245 0 0 |a Θράκη /   |c επιμέλεια: Καραθανάση Αθ. Ε. 
260 |a Θεσσαλονίκη :   |b Μαίανδρος,   |c 1993 
300 |a 174 σ. 
651 0 |a Thrace  |x History. 
700 1 |a Καραθανάσης, Αθανάσιος Ε.  |4 edt 
852 |a INST  |b LESVOS  |e 19950330  |h 938.95 ΘΡΑ  |p 005100001980  |q 005100001980  |t BK  |y 0 
909 |a Λ  |b 036947